01133nam a2200205 a 450000100100000000500170001000800410002704000250006804100080009308200150010111000320011624501700014824601100031826000440042830000340047295201760050695201140068295201140079699900170091000003110420200930062716.0110613s1918 dr 000 0 spa d aDO-SdBNPbspacBNPHU17aeng axxxxbxxxx1 aRepública Dominicana944710aReport of the eleventh fiscal period :bDominican customs receivership under the American-Dominican convention of 1907, for the period january 1 to decmber 31, 1917.10aFirst-Seventh annual report, Dominican customs receivership under the American-Dominican convention, 1907 aWashington :bGovt. print. off.,c1918. a2 v. con varias paginaciones. 0010507-18RVaPDbPDcOId2011-06-13iLF1l0oxxxx xxxxp31104-10r2020-06-25w2020-06-25y1zPerteneció a la biblioteca personal de Julio Ortega Frier.ZNo se presta 00107-18PDaPDbPDcOId2011-06-13iLF1l0oxxxx xxxxp31105-10r2020-06-25w2020-06-25yLFPDZNo se presta 00107-18PDaPDbPDcOId2011-06-13iLF1l0oxxxx xxxxp31105-20r2020-06-25w2020-06-25yLFPDZNo se presta c30596d30596